Foros para la transformacin̤ y modernizacin̤ del campo

Bibliographic Details
Main Author: Vz̀quez Flora, Horacio
Other Authors: Mr̀quez y Albo, Alejandro
Format: eBook
Language:Spanish
Published: Ciudad de Mx̌ico: Cm̀ara de Diputados, 2014
Subjects:
Online Access:Acceso restringido

MARC

LEADER 00000nam a22000007a 4500
005 20180403222239.0
007 cr|||| ||||
008 180403s2014 mx |||||s||||f00||0 spa d
020 |a 978-607-9423-49-0 
035 |a 21226 
040 |a vLex 
090 |c 7657  |d 7657 
100 1 |a Vz̀quez Flora, Horacio 
245 1 0 |a Foros para la transformacin̤ y modernizacin̤ del campo  |h [Recurso electrn̤ico] /  |c Horacio Vz̀quez Flora, Alejandro Mr̀quez y Albo 
256 |a Servicio en ln̕ea 
260 |a Ciudad de Mx̌ico:  |b Cm̀ara de Diputados,  |c 2014 
300 |a 1 recurso electrn̤ico 
506 1 |a Disponible solo en los productos indicados  |d vLex Global  |d vLex Global (Academic Edition, excluding Law Schools)  |d vLex Global (U.S. Academic Edition, Law Schools)  |d vLex Global (U.S. Academic Edition, excluding Law Schools)  |d vLex Global (Academic Edition, Law Schools) 
650 0 4 |a Derecho Pb︢lico y Administrativo  |z Mx̌ico 
700 1 |a Mr̀quez y Albo, Alejandro 
740 0 |a vLex Libros (Servicio en ln̕ea) 
856 4 0 |u http://vlex.com/source/foros-transformacion-modernizacion-campo-21226  |z Acceso restringido 
942 |c BOOK 
999 0 |a Public and Administrative Law